[Event "Burjassot U2200 op 7th"]
[Site "Burjassot"]
[Date "2019.09.27"]
[Round "3"]
[White "Capella Gimenez, Jose Manuel"]
[Black "Pedrero Gil, Francisco"]
[Result "1-0"]
[WhiteElo "1992"]
[BlackElo "1644"]
[PlyCount "73"]
[EventDate "2019.09.06"]
[EventType "swiss"]
[EventRounds "7"]
[EventCountry "ESP"]
[SourceTitle "EXT 2024"]
[Source "ChessBase"]
[SourceDate "2023.10.10"]
[SourceVersion "1"]
[SourceVersionDate "2023.10.10"]
[SourceQuality "1"]

1. c4 c5 2. Nc3 Nc6 3. g3 g6 4. Bg2 Bg7 5. a3 Nf6 6. Nf3 0-0 7. 0-0 d6 8. d4 cxd4 9. Nxd4 Nxd4 10. Qxd4 Nd7 11. Qd2 Nc5 12. Qc2 Rb8 13. b4 Bf5 14. e4 Nxe4 15. Bxe4 Bxe4 16. Qxe4 Bxc3 17. Bh6 Bxa1 18. Bxf8 Qxf8 19. Rxa1 e6 20. Rd1 a6 21. Qd4 Rd8 22. Qb6 Qe7 23. c5 d5 24. a4 Qd7 25. b5 axb5 26. axb5 Rc8 27. Rc1 Rc7 28. c6 bxc6 29. Rxc6 Rb7 30. Qc5 Qe7 31. Qc3 e5 32. b6 d4 33. Qc4 Qa3 34. Rc7 Qf3 35. Rxb7 Qxb7 36. Qc7 Qf3 37. b7 1-0

[Event "Valencia Region-ch"]
[Site "Valencia"]
[Date "2015.11.14"]
[Round "6.10"]
[White "Bixquert Jimenez, Francisco"]
[Black "Capella Gimenez, Jose Manuel"]
[Result "1/2-1/2"]
[WhiteElo "1965"]
[BlackElo "2044"]
[PlyCount "94"]
[EventDate "2015.10.03"]
[EventType "swiss"]
[EventRounds "7"]
[EventCountry "ESP"]
[SourceTitle "EXT 2024"]
[Source "ChessBase"]
[SourceDate "2023.10.10"]
[SourceVersion "1"]
[SourceVersionDate "2023.10.10"]
[SourceQuality "1"]

1. d4 Nf6 2. c4 g6 3. Nc3 Bg7 4. e4 d6 5. h3 0-0 6. Be3 e5 7. d5 Na6 8. Nf3 Nc5 9. Nd2 a5 10. g4 Bd7 11. Be2 c6 12. g5 Ne8 13. h4 f5 14. f3 b5 15. dxc6 b4 16. cxd7 bxc3 17. dxe8Q cxd2+ 18. Qxd2 Rxe8 19. 0-0-0 f4 20. Bxc5 dxc5 21. Qd5+ Qxd5 22. Rxd5 Bf8 23. Rhd1 Kf7 24. Rd7+ Re7 25. Bf1 Ra6 26. Bh3 Rxd7 27. Rxd7+ Be7 28. Rd5 Bd6 29. Bd7 Ke7 30. Bb5 Ra7 31. Rd1 Rc7 32. Rh1 Ke6 33. Kc2 Be7 34. Kb3 Rc8 35. Rd1 Bd6 36. Ka4 Ra8 37. Bc6 Rb8 38. b3 Rb4+ 39. Ka3 Rb8 40. Bd5+ Ke7 41. Rh1 Kf8 42. Ka4 Bc7 43. Rd1 Rb4+ 44. Ka3 Rb6 45. Ba8 Ke7 46. Rh1 Rb8 47. Bd5 Kf8 1/2-1/2

[Event "Valencia Provincial-ch"]
[Site "Valencia"]
[Date "2014.10.04"]
[Round "2"]
[White "Garcia Martin, Marta"]
[Black "Capella Gimenez, Jose Manuel"]
[Result "1-0"]
[WhiteElo "1973"]
[BlackElo "2051"]
[PlyCount "37"]
[EventDate "2014.09.27"]
[EventType "swiss"]
[EventRounds "7"]
[EventCountry "ESP"]
[SourceTitle "EXT 2016"]
[Source "ChessBase"]
[SourceDate "2015.10.08"]
[SourceVersion "1"]
[SourceVersionDate "2015.10.08"]
[SourceQuality "1"]

1. e4 e5 2. Nf3 Nc6 3. Bc4 Nf6 4. d3 Be7 5. Nc3 0-0 6. h3 d6 7. 0-0 Na5 8. Be3 c5 9. a3 Nc6 10. Nd5 Nxd5 11. Bxd5 Kh8 12. c3 f5 13. exf5 Bxf5 14. d4 cxd4 15. cxd4 e4 16. Nd2 Bg5 17. Bxe4 Nxd4 18. Bxd4 Bxd2 19. Bxf5 1-0

[Event "Valencia op 7th"]
[Site "Valencia"]
[Date "2014.01.02"]
[Round "2"]
[White "Capella Gimenez, Jose Manuel"]
[Black "Bueno Dominguez, Ricardo"]
[Result "1-0"]
[WhiteElo "2099"]
[BlackElo "1740"]
[PlyCount "93"]
[EventDate "2014.01.02"]
[EventType "swiss"]
[EventRounds "7"]
[EventCountry "ESP"]
[SourceTitle "CBM 158 Extra"]
[Source "ChessBase"]
[SourceDate "2014.02.28"]
[SourceVersion "1"]
[SourceVersionDate "2014.02.28"]
[SourceQuality "1"]

1. d4 d5 2. c4 e6 3. Nc3 Nf6 4. cxd5 exd5 5. Bg5 Be7 6. e3 Bf5 7. Qb3 Be6 8. Qxb7 Nbd7 9. Qb3 0-0 10. Nf3 c5 11. Be2 Rb8 12. Qc2 Qb6 13. b3 cxd4 14. Nxd4 Bb4 15. Bxf6 Nxf6 16. a3 Be7 17. 0-0 Rfc8 18. Qd3 Bf8 19. Rfc1 Rd8 20. Na4 Qd6 21. Nc6 g6 22. Nxd8 Rxd8 23. Nc5 Bf5 24. Qd4 Re8 25. Bf3 Bg7 26. Qf4 Qe7 27. g4 Be4 28. Nxe4 Nxe4 29. Bxe4 dxe4 30. Ra2 Be5 31. Qh6 Bg7 32. Qh3 Qe6 33. Rac2 h5 34. Rc6 Qd7 35. Rc7 Qe6 36. R1c6 Qxb3 37. gxh5 Qd1+ 38. Kg2 gxh5 39. Qf5 Rf8 40. Rc8 Qa1 41. Rxf8+ Bxf8 42. Qg5+ Bg7 43. Rc8+ Kh7 44. Qxh5+ Bh6 45. Qxf7+ Bg7 46. Qh5+ Bh6 47. Rc7+ 1-0

[Event "Provincial-ch Valencia"]
[Site "Valencia"]
[Date "2013.10.05"]
[Round "1"]
[White "Capella Gimenez, Jose Manuel"]
[Black "Picornell Morant, Juan Enrique"]
[Result "1/2-1/2"]
[WhiteElo "2112"]
[BlackElo "1947"]
[PlyCount "68"]
[EventDate "2013.10.05"]
[EventType "swiss"]
[EventRounds "7"]
[EventCountry "ESP"]
[SourceTitle "EXT 2024"]
[Source "ChessBase"]
[SourceDate "2023.10.10"]
[SourceVersion "1"]
[SourceVersionDate "2023.10.10"]
[SourceQuality "1"]

1. d4 Nf6 2. c4 g6 3. Nc3 Bg7 4. e4 d6 5. Be2 0-0 6. Nf3 e5 7. d5 a5 8. Bg5 h6 9. Bh4 Na6 10. Nd2 Bd7 11. f3 Qe8 12. b3 Nh5 13. 0-0 Nf4 14. Bf2 Qe7 15. Kh1 h5 16. Rg1 Bf6 17. Nf1 Kg7 18. Ne3 Bg5 19. Bf1 h4 20. a3 Rh8 21. Ra2 Nh5 22. Qe1 Nc5 23. Rb2 Ng3+ 24. Bxg3 hxg3 25. h3 Bxh3 26. gxh3 Nd3 27. Qxg3 Bxe3 28. Bxd3 Bxg1 29. Kxg1 Rh5 30. Qh2 Qg5+ 31. Kf2 Qh4+ 32. Ke3 Qg5+ 33. Kf2 Qh4+ 34. Ke3 Qg5+ 1/2-1/2

[Event "Manises Provincial-ch"]
[Site "Manises"]
[Date "2011.11.12"]
[Round "5"]
[White "Jordan Arenas, Manuel"]
[Black "Capella Gimenez, Jose Manuel"]
[Result "1-0"]
[WhiteElo "2166"]
[BlackElo "2107"]
[PlyCount "89"]
[EventDate "2011.10.01"]
[EventType "swiss"]
[EventRounds "7"]
[EventCountry "ESP"]
[SourceTitle "EXT 2013"]
[Source "ChessBase"]
[SourceDate "2012.11.22"]
[SourceVersion "1"]
[SourceVersionDate "2012.11.22"]
[SourceQuality "1"]

1. d4 Nf6 2. c4 g6 3. Nc3 Bg7 4. e4 d6 5. Nf3 0-0 6. Be2 e5 7. 0-0 Nc6 8. d5 Ne7 9. Be3 Ng4 10. Bg5 f6 11. Bd2 f5 12. Nh4 Nf6 13. exf5 gxf5 14. Qc2 Bd7 15. f3 Qe8 16. g3 Kh8 17. Rae1 Qf7 18. a4 Ne8 19. f4 e4 20. Be3 Bf6 21. Nb5 Qg7 22. Kh1 Bxb5 23. axb5 Bxb2 24. Rb1 Bd4 25. Ng2 b6 26. Rfd1 Bxe3 27. Nxe3 a5 28. bxa6 Rxa6 29. c5 Ra3 30. cxb6 cxb6 31. Nc4 Qc3 32. Nxa3 Qxa3 33. Rxb6 Nf6 34. Ra6 Qb4 35. Rb1 Qd4 36. Rxd6 Rc8 37. Qa2 e3 38. Rd1 Qe4+ 39. Kg1 Rc2 40. Qa1 Neg8 41. Rxf6 Nxf6 42. Qxf6+ Kg8 43. Rb1 Rc8 44. Qe6+ Qxe6 45. dxe6 1-0

[Event "Valencia Autonomico"]
[Site "Cheste"]
[Date "2010.10.11"]
[Round "6.8"]
[White "Rubio Tent, Francisco"]
[Black "Capella Gimenez, Jose Manuel"]
[Result "1/2-1/2"]
[WhiteElo "1965"]
[BlackElo "2095"]
[PlyCount "55"]
[EventDate "2010.10.07"]
[EventType "swiss"]
[EventRounds "7"]
[EventCountry "ESP"]
[SourceTitle "EXT 2024"]
[Source "ChessBase"]
[SourceDate "2023.10.10"]
[SourceVersion "1"]
[SourceVersionDate "2023.10.10"]
[SourceQuality "1"]

1. e4 c6 2. d4 d5 3. exd5 cxd5 4. c4 Nf6 5. Nc3 Nc6 6. Bg5 e6 7. Nf3 Be7 8. c5 0-0 9. Bb5 Ne4 10. Bxe7 Qxe7 11. Qc2 Ng5 12. Nxg5 Qxg5 13. Bxc6 bxc6 14. 0-0 e5 15. f4 exf4 16. Qd2 Rb8 17. b3 Ba6 18. Qxf4 Qxf4 19. Rxf4 Rfe8 20. Kf2 Re6 21. Re1 Rbe8 22. Rxe6 Rxe6 23. b4 Bc4 24. Rf3 Kf8 25. Re3 Rf6+ 26. Rf3 Rh6 27. h3 Rh4 28. Ke3 1/2-1/2

[Event "Mislata op-B"]
[Site "Mislata"]
[Date "2010.08.19"]
[Round "6"]
[White "Capella Gimenez, Jose Manuel"]
[Black "Sos Andreu, Eric"]
[Result "1-0"]
[WhiteElo "2095"]
[BlackElo "1940"]
[PlyCount "87"]
[EventDate "2010.08.16"]
[EventType "swiss"]
[EventRounds "9"]
[EventCountry "ESP"]
[SourceTitle "EXT 2012"]
[Source "ChessBase"]
[SourceDate "2011.11.24"]
[SourceVersion "1"]
[SourceVersionDate "2011.11.24"]
[SourceQuality "1"]

1. d4 Nf6 2. c4 g6 3. Nc3 Bg7 4. e4 d6 5. f3 0-0 6. Be3 e5 7. d5 Nh5 8. Qd2 f5 9. 0-0-0 f4 10. Bf2 Bf6 11. Qe1 Be7 12. g4 Nf6 13. h4 a5 14. Nh3 Ne8 15. g5 Ng7 16. Bg1 Nh5 17. Nf2 Na6 18. Ng4 b6 19. Bh3 Nc5 20. Bxc5 bxc5 21. Nh6+ Kg7 22. Bxc8 Qxc8 23. Ng4 a4 24. Nb5 Qd7 25. Rh2 Rfb8 26. Qc3 Bd8 27. Nxe5 dxe5 28. Qxe5+ Kg8 29. d6 cxd6 30. Rxd6 Qf7 31. Rd5 Be7 32. Nd6 Bxd6 33. Qxd6 Ng3 34. Rxc5 Rc8 35. Rd2 Nf1 36. Rd4 Ne3 37. b3 axb3 38. axb3 Ra1+ 39. Kb2 Rca8 40. Rc7 Nd1+ 41. Rxd1 R8a2+ 42. Kc3 Rxd1 43. Rc8+ Kg7 44. Qe5+ 1-0

[Event "Valencia Provincial CA"]
[Site "Valencia"]
[Date "2009.01.17"]
[Round "2.4"]
[White "Capella Gimenez, Jose Manuel"]
[Black "Bolos Gimeno, Domingo"]
[Result "1-0"]
[WhiteElo "2099"]
[BlackElo "1787"]
[PlyCount "49"]
[EventDate "2009.01.10"]
[EventType "team-tourn"]
[EventRounds "4"]
[EventCountry "ESP"]
[SourceTitle "EXT 2011"]
[Source "ChessBase"]
[SourceDate "2010.11.26"]
[SourceVersion "1"]
[SourceVersionDate "2010.11.26"]
[SourceQuality "1"]

1. d4 Nf6 2. c4 g6 3. Nc3 Bg7 4. e4 d6 5. Be2 Nc6 6. d5 Ne5 7. f4 Neg4 8. h3 Nh6 9. g4 Nd7 10. Nf3 e5 11. g5 Ng8 12. Qc2 exf4 13. Bxf4 Ne5 14. 0-0-0 Nxf3 15. Bxf3 Ne7 16. h4 0-0 17. h5 f5 18. Qh2 fxe4 19. Nxe4 Bf5 20. hxg6 Bxg6 21. Nf6+ Kf7 22. Qe2 Bxf6 23. Qe6+ Kg7 24. gxf6+ Rxf6 25. Bh6+ 1-0

[Event "La Pobla de Vallbona op"]
[Site "La Pobla de Vallbona"]
[Date "2004.10.??"]
[Round "4"]
[White "Capella Gimenez, Jose Manuel"]
[Black "Almenar Montaner, Vicente"]
[Result "0-1"]
[WhiteElo "2121"]
[BlackElo "1984"]
[PlyCount "85"]
[EventDate "2004.10.??"]
[EventType "swiss"]
[EventRounds "8"]
[EventCountry "ESP"]
[SourceTitle "EXT 2006"]
[Source "ChessBase"]
[SourceDate "2005.11.24"]
[SourceVersion "1"]
[SourceVersionDate "2005.11.24"]
[SourceQuality "1"]

1. d4 Nf6 2. c4 g6 3. Nc3 Bg7 4. e4 d6 5. f3 0-0 6. Be3 e5 7. d5 a6 8. Bd3 Ne8 9. Nge2 f5 10. Qd2 fxe4 11. Nxe4 Nd7 12. 0-0 Ndf6 13. N2c3 Nxe4 14. Nxe4 Nf6 15. Rac1 Nxe4 16. Bxe4 b6 17. b4 Bf5 18. Qc2 Bxe4 19. Qxe4 a5 20. c5 axb4 21. cxb6 cxb6 22. Qxb4 Rxa2 23. Rc6 Rf7 24. Qc4 Ra8 25. Rc1 Rb7 26. Qb4 Bf8 27. Qg4 b5 28. Qe6+ Rf7 29. Rc8 Rxc8 30. Rxc8 Qh4 31. g3 Qh5 32. f4 b4 33. Kg2 Qe2+ 34. Bf2 Kg7 35. Rb8 Qe4+ 36. Kh3 Qc4 37. Kg2 exf4 38. Rxf8 f3+ 39. Kg1 Qc1+ 40. Qe1 Qxe1+ 41. Bxe1 f2+ 42. Bxf2 Kxf8 43. Kf1 0-1

[Event "La Pobla de Vallbona op"]
[Site "La Pobla de Vallbona"]
[Date "2004.10.??"]
[Round "3"]
[White "Pallardo Lozoya, Jose Vicente"]
[Black "Capella Gimenez, Jose Manuel"]
[Result "1-0"]
[WhiteElo "2257"]
[BlackElo "2121"]
[PlyCount "75"]
[EventDate "2004.10.??"]
[EventType "swiss"]
[EventRounds "8"]
[EventCountry "ESP"]
[SourceTitle "EXT 2006"]
[Source "ChessBase"]
[SourceDate "2005.11.24"]
[SourceVersion "1"]
[SourceVersionDate "2005.11.24"]
[SourceQuality "1"]

1. d4 Nf6 2. Bg5 e6 3. e4 h6 4. Bxf6 Qxf6 5. Nf3 c5 6. Nc3 cxd4 7. e5 Qd8 8. Qxd4 Nc6 9. Qe3 d5 10. 0-0-0 Qa5 11. Kb1 Bc5 12. Qf4 Bd7 13. Bd3 Nb4 14. Nd4 Rc8 15. Nb3 Qb6 16. a3 Nxd3 17. Rxd3 Be7 18. Qg4 g5 19. Qh5 Rc4 20. Rf3 Rh7 21. h4 Qc7 22. hxg5 Qxe5 23. g6 Qxh5 24. gxh7 Qxh1+ 25. Ka2 Qh2 26. h8Q+ Bf8 27. Rg3 Qh4 28. Rg8 Qe7 29. Qxh6 Ba4 30. Nxa4 Rxa4 31. Qh7 e5 32. Qh3 Rc4 33. Qd3 Qe6 34. g4 Rc8 35. Qb5+ Qc6 36. Qb4 Kd7 37. Rxf8 Qxc2 38. Rxf7+ 1-0

[Event "Valencia-chA"]
[Site "Mislata"]
[Date "2003.11.08"]
[Round "5"]
[White "Capella Gimenez, Jose Manuel"]
[Black "Andres Julia, Vicente Ramon"]
[Result "1/2-1/2"]
[WhiteElo "2120"]
[BlackElo "2047"]
[PlyCount "73"]
[EventDate "2003.10.11"]
[EventType "swiss"]
[EventRounds "9"]
[EventCountry "ESP"]
[SourceTitle "CBM 097 Extra"]
[Source "ChessBase"]
[SourceDate "2004.01.13"]
[SourceVersion "1"]
[SourceVersionDate "2004.01.13"]
[SourceQuality "1"]

1. d4 Nf6 2. c4 c5 3. d5 b5 4. a4 b4 5. Nd2 g6 6. e4 d6 7. b3 Bg7 8. Bb2 0-0 9. Qc2 e5 10. 0-0-0 Ng4 11. Nh3 f5 12. Bd3 a5 13. Rde1 Bh6 14. Kb1 Ra7 15. Nf1 f4 16. f3 Nf6 17. Nf2 Nbd7 18. Bc1 Nb6 19. g3 Nh5 20. g4 Nf6 21. h4 g5 22. hxg5 Bxg5 23. Nh3 h6 24. Qh2 Rh7 25. Bxf4 Bxf4 26. Nxf4 Nxg4 27. fxg4 Rxf4 28. Ne3 Qg5 29. Nf5 Bxf5 30. gxf5 Kf7 31. Reg1 Rg4 32. Be2 Rxg1+ 33. Rxg1 Qe3 34. Qh5+ Kf8 35. Qg6 Qxb3+ 36. Kc1 Qc3+ 37. Kb1 1/2-1/2